Shake, rattle, & hurl! / (Record no. 1323)
[ view plain ]
| 000 -LEADER | |
|---|---|
| fixed length control field | 01616cam a2200361 a 4500 |
| 005 - DATE AND TIME OF LATEST TRANSACTION | |
| control field | 20251127084746.0 |
| 020 ## - INTERNATIONAL STANDARD BOOK NUMBER | |
| International Standard Book Number | 0060788119 |
| 020 ## - INTERNATIONAL STANDARD BOOK NUMBER | |
| International Standard Book Number | 0060788127 (lib. bdg.) |
| 020 ## - INTERNATIONAL STANDARD BOOK NUMBER | |
| International Standard Book Number | 9780060788117 |
| 020 ## - INTERNATIONAL STANDARD BOOK NUMBER | |
| International Standard Book Number | 9780060788124 |
| 040 ## - CATALOGING SOURCE | |
| Original cataloging agency | DLC |
| Transcribing agency | DLC |
| Modifying agency | IG# |
| -- | BAKER |
| -- | YBM |
| -- | VP@ |
| -- | EHH |
| -- | NPL |
| -- | BTCTA |
| -- | DLC |
| Language of cataloging | eng |
| 050 00 - LIBRARY OF CONGRESS CALL NUMBER | |
| Classification number | PZ7.S86037 |
| Item number | She 2006 |
| 082 00 - DEWEY DECIMAL CLASSIFICATION NUMBER | |
| Classification number | [Fic] |
| Edition number | 22 |
| 100 1# - MAIN ENTRY--PERSONAL NAME | |
| Personal name | Stine, R. L. |
| 245 10 - TITLE STATEMENT | |
| Title | Shake, rattle, & hurl! / |
| Statement of responsibility, etc. | R.L. Stine ; illustrations by Trip Park. |
| 246 3# - VARYING FORM OF TITLE | |
| Title proper/short title | Shake, rattle, and hurl |
| 250 ## - EDITION STATEMENT | |
| Edition statement | 1st ed. |
| 260 ## - PUBLICATION, DISTRIBUTION, ETC. | |
| Place of publication, distribution, etc. | New York : |
| Name of publisher, distributor, etc. | HarperCollins, |
| Date of publication, distribution, etc. | 2006. |
| 300 ## - PHYSICAL DESCRIPTION | |
| Extent | 96 pages, 16 unnumbered pages of plates, 5 pages : |
| Other physical details | illustrations ; |
| Dimensions | 22 cm |
| 500 ## - GENERAL NOTE | |
| General note | "A Parachute Press Book." |
| 505 0# - FORMATTED CONTENTS NOTE | |
| Formatted contents note | H |
| 505 0# - FORMATTED CONTENTS NOTE | |
| Formatted contents note | Morning announcements -- How I lost my lunch -- The plopps -- Bird plop -- Gassy shows up -- The new act is BIG! -- Heinie trouble -- Kidnapped! -- Who's the dummy? -- Baloom baloom -- "Ow!" -- The greatest rock guitar ever! -- A star is born -- Help from a water bottle -- Not nice in Nyce house -- The music lover -- Why I sat on chipmunk -- Urrrrrrp -- Urp urp urpurpurp -- The big show -- We have a winner and a loser! |
| 520 ## - SUMMARY, ETC. | |
| Summary, etc. | Rotten School schemer Bernie Bridges is determined that Rotten House will beat Nyce House in the annual talent contest. |
| 521 ## - TARGET AUDIENCE NOTE | |
| Target audience note | 460 <br/> |
| Source | Lexile |
| 521 ## - TARGET AUDIENCE NOTE | |
| Target audience note | H <br/> |
| Source | Raz-Plus |
| 650 #1 - SUBJECT ADDED ENTRY--TOPICAL TERM | |
| Topical term or geographic name entry element | Boarding schools |
| Form subdivision | Fiction. |
| 650 #1 - SUBJECT ADDED ENTRY--TOPICAL TERM | |
| Topical term or geographic name entry element | Schools |
| Form subdivision | Fiction. |
| 650 #1 - SUBJECT ADDED ENTRY--TOPICAL TERM | |
| Topical term or geographic name entry element | Talent shows |
| Form subdivision | Fiction. |
| 700 1# - ADDED ENTRY--PERSONAL NAME | |
| Personal name | Park, Trip |
| Relator term | illustrator |
| 906 ## - LOCAL DATA ELEMENT F, LDF (RLIN) | |
| a | 7 |
| b | cbc |
| c | orignew |
| d | 1 |
| e | ecip |
| f | 20 |
| g | y-gencatlg |
| 942 ## - ADDED ENTRY ELEMENTS (KOHA) | |
| Source of classification or shelving scheme | Dewey Decimal Classification |
| Koha item type | Books |
| Suppress in OPAC | No |
| 999 ## - | |
| -- | 1323 |
| -- | 1323 |
| Withdrawn status | Lost status | Source of classification or shelving scheme | Damaged status | Not for loan | Collection | Home library | Current library | Shelving location | Date acquired | Total Checkouts | Full call number | Barcode | Date last seen | Date last checked out | Copy number | Price effective from | Koha item type |
|---|---|---|---|---|---|---|---|---|---|---|---|---|---|---|---|---|---|
| Dewey Decimal Classification | Juvenile Fiction | Footprints International School Library Network Toul Kork Campus | Footprints International School Library Network Toul Kork Campus | TK Primary Library Room(4th Floor), Bookcase 1&2, Shelves 1-16, Dark Blue Books | 08/16/2023 | 5 | STI Fic PZ7.S86037 | FISTK00271 | 03/11/2026 | 03/04/2026 | 1 | 08/16/2023 | Books | ||||
| Dewey Decimal Classification | Juvenile Fiction | Footprints International School Library Network Toul Tom Poung Campus | Footprints International School Library Network Toul Tom Poung Campus | TTP Primary Dark Blue Bookshelves | 11/27/2025 | STI Fic PZ7.S86037 | FIS02572 | 11/27/2025 | 2 | 11/27/2025 | Books |
